000 00858nam a2200229 i 4500
001 69189
003 ES-MaACL
005 20230906170446.0
007 t|
008 040917s1989 sp ||||1| spa d
080 _a929 Gómez de la Serna, Ramón (083.824)
245 0 0 _aRamón para todos.
260 _aMadrid :
_bCaja Madrid,
_c[1989]
300 _a[52] p. :
_bil. ;
_c21 cm.
500 _aCatálogo de la Exposición conmemorativa del Primer Centenario de Ramón Gómez de la Serna (1888-1988) celebrada en la Galería de Arte "Blasco de Garay" del 1 al 15 de febrero de 1989.
600 1 4 _aGómez de la Serna, Ramón,
_d1888-1963-
_vExposiciones
_957904
655 7 _2tgfbne
_9193628
_aCatálogos de exposiciones
710 2 _aCaja Madrid.
_92336
852 _aES-MaACL
_j2180-F-2
_bR.134124
942 _2udc
999 _c69189
_d69189